[Event "Hastings Masters"]
[Site "Hastings"]
[Date "2008.01.01"]
[Round "5.15"]
[White "Ledger, David"]
[Black "Satyapragyan, Swayangsu"]
[Result "1/2-1/2"]
[WhiteElo "2266"]
[BlackElo "2404"]
[PlyCount "162"]
[EventDate "2007.12.28"]
[SourceDate "2007.12.28"]

1. e4 e5 2. Bc4 Nf6 3. d3 c6 4. Nf3 Be7 5. O-O Qc7 6. Bb3 d6 7. Re1 O-O 8. Nbd2
Nbd7 9. c3 Nc5 10. Bc2 Ne6 11. Nf1 Re8 12. Ng3 Bf8 13. Nf5 Kh8 14. d4 g6 15.
Ne3 Bg7 16. a4 b6 17. dxe5 dxe5 18. Nc4 Rd8 19. Qe2 Nh5 20. g3 a5 21. Be3 c5
22. Rad1 Ba6 23. Bd3 Bb7 24. Bc1 Rd7 25. Bc2 Rdd8 26. Rxd8+ Rxd8 27. Rd1 Rxd1+
28. Qxd1 Ba6 29. Qd5 Bxc4 30. Qxc4 Nf6 31. Bb3 h6 32. Qd3 Kg8 33. Nd2 Qd7 34.
Qxd7 Nxd7 35. Kf1 Kf8 36. Bd5 Nc7 37. Bb7 Ke7 38. Ke2 h5 39. Nc4 Ne8 40. Kd3
Nd6 41. Nxd6 Kxd6 42. Kc4 Nf6 43. f3 Kc7 44. Ba8 Bf8 45. Bg5 Ne8 46. Kd5 f6 47.
Bc1 Kb8 48. Bc6 Nc7+ 49. Kc4 Kc8 50. Bd5 Nxd5 51. Kxd5 Kd7 52. Bd2 g5 53. h3
Bh6 54. Be1 Bf8 55. b3 Bd6 56. Bd2 Bf8 57. Be3 Bd6 58. Bg1 Bf8 {(=)} 59. Bf2
Be7 60. Be3 Bd6 61. h4 gxh4 62. gxh4 Bf8 63. Bd2 Be7 64. Bh6 Bd6 65. Bg7 Be7
66. Bh6 Bd6 67. Be3 Bf8 68. Bd2 Be7 69. f4 exf4 70. Bxf4 Bf8 71. c4 Be7 72. Bg3
Bf8 73. e5 fxe5 74. Bxe5 Be7 75. Bg3 Bd8 76. Bf2 Bc7 77. Be1 Bd6 78. Bd2 Be7
79. Be1 Bd6 80. Bf2 Bc7 81. Ke4 Ke6 1/2-1/2

[Event "Hastings Masters"]
[Site "Hastings"]
[Date "2008.01.01"]
[Round "5.17"]
[White "Rendle, Thomas"]
[Black "Sugden, John N"]
[Result "1-0"]
[WhiteElo "2397"]
[BlackElo "2116"]
[PlyCount "89"]
[EventDate "2007.12.28"]
[SourceDate "2007.12.28"]

1. e4 c6 2. d4 d5 3. e5 Bf5 4. Nc3 e6 5. g4 Bg6 6. Nge2 c5 7. Be3 Nc6 8. dxc5
Nxe5 9. Nd4 Nc6 10. Bb5 Rc8 11. Qe2 h5 12. O-O-O hxg4 13. Bf4 Be7 14. Rhe1 Nf6
15. Be5 Kf8 16. Nxc6 bxc6 17. Ba6 Rb8 18. Bxb8 {(=)} Qxb8 19. Qe3 Qb4 20. Qe5
Ne8 21. Rd4 Qxc5 22. Rxg4 Bf6 23. Qe3 d4 24. Ne4 dxe3 25. Nxc5 exf2 26. Rh1 Nc7
27. Bc4 Bf5 28. Nd7+ Ke7 29. Nxf6 Kxf6 30. Rf4 Nd5 31. Rxf2 Ke7 32. Rg1 g6 33.
Rg3 Rb8 34. Rb3 Nb6 35. Bf1 Be4 36. c4 c5 37. Rb5 Rc8 38. Bg2 Bd3 39. b3 e5 40.
a4 e4 41. a5 Nd7 42. Rb7 a6 43. Rd2 f5 44. Ra7 Rc6 45. Rxd3 1-0

[Event "Hastings Masters"]
[Site "Hastings"]
[Date "2008.01.01"]
[Round "5.18"]
[White "Zhou, Yang-Fan"]
[Black "Bogner, Sebastian"]
[Result "0-1"]
[WhiteElo "2068"]
[BlackElo "2383"]
[PlyCount "104"]
[EventDate "2007.12.28"]
[SourceDate "2007.12.28"]

1. e4 c5 2. Nf3 d6 3. Bc4 Nf6 4. d3 Nc6 5. c3 g6 6. O-O Bg7 7. Bb3 O-O 8. Re1
e5 9. Be3 h6 10. h3 Ne8 11. d4 cxd4 12. cxd4 Nc7 13. Nc3 Na5 14. dxe5 dxe5 15.
Bc5 Re8 16. Ba4 Nc6 17. Nd5 Bd7 18. Bxc6 bxc6 19. Nxc7 Qxc7 20. Qb3 Be6 21. Qa3
Qb7 22. Bd6 f6 23. Rac1 a5 24. Re3 Rec8 25. Rec3 h5 26. Ne1 Bh6 27. Rd1 Qf7 28.
Rf3 Qg7 29. Nd3 Ra7 30. Nc5 Bc4 31. Rc3 Qf7 32. b3 Be2 33. Rb1 Rd8 34. Na4 Bb5
35. Nb6 Bd2 36. Rg3 h4 37. Rg4 Rb7 38. Bc5 g5 39. f3 Bb4 40. Qc1 Rd1+ 41. Qxd1
Bxc5+ 42. Kh1 Bxb6 43. a4 Rd7 44. Qc1 Bd3 45. Ra1 Bd4 46. Ra3 Qe6 47. b4 Qc4
48. Qd2 Bc2 49. Ra1 axb4 50. Rxg5+ fxg5 51. Qxg5+ Kf8 52. Qf6+ Rf7 0-1

[Event "Hastings Masters"]
[Site "Hastings"]
[Date "2008.01.01"]
[Round "5.21"]
[White "Islam, Kh Aminul"]
[Black "Dickson, George A"]
[Result "1-0"]
[WhiteElo "2390"]
[BlackElo "2160"]
[PlyCount "99"]
[EventDate "2007.12.28"]
[SourceDate "2007.12.28"]

1. d4 Nf6 2. Nf3 e6 3. Bg5 h6 4. Bh4 c5 5. c3 Be7 6. e3 b6 7. Nbd2 Bb7 8. Bd3
d5 9. Ne5 O-O 10. f4 Ne4 11. Bxe7 Qxe7 12. O-O Nxd2 13. Qxd2 Nd7 14. Qe2 Nxe5
15. fxe5 f5 16. exf6 Rxf6 17. Rxf6 Qxf6 18. Rf1 Qe7 19. Qf2 Bc6 20. Qg3 a6 21.
Rf2 Bb5 22. Bc2 Rd8 23. h3 Be8 24. Qf3 Bf7 25. Qe2 c4 26. Qf3 Qe8 27. Qg3 Rd7
28. Qe5 Qd8 29. e4 Qc7 30. Qxc7 Rxc7 31. exd5 exd5 32. Re2 Kf8 33. Re5 Re7 34.
Kf2 Ke8 35. Bf5 Kd8 36. Ke3 g5 37. Bg4 a5 38. g3 Re8 39. h4 Kc7 40. hxg5 hxg5
41. Kd2 Rxe5 42. dxe5 Kc6 43. Ke3 Kc5 44. Bd7 Bg6 45. Bc8 Bc2 46. e6 Kd6 47.
Kd4 Be4 48. e7 Kxe7 49. Ke5 b5 50. Ba6 1-0

[Event "Hastings Masters"]
[Site "Hastings"]
[Date "2008.01.01"]
[Round "5.24"]
[White "Donovan, Nigel"]
[Black "Eames, Robert"]
[Result "0-1"]
[WhiteElo "2121"]
[BlackElo "2304"]
[PlyCount "134"]
[EventDate "2007.12.28"]
[SourceDate "2007.12.28"]

1. e4 c5 2. Nf3 Nc6 3. Bb5 Nf6 4. Nc3 Qc7 5. O-O Nd4 6. Re1 a6 7. Bf1 Ng4 8. g3
Nxf3+ 9. Qxf3 Ne5 10. Qe2 e6 11. d3 b5 12. f4 Nc6 13. e5 Nd4 14. Qd1 Bb7 15.
Ne4 O-O-O 16. Bg2 h5 17. Be3 Nf5 18. Bf2 h4 19. g4 h3 20. Bf1 Nh4 21. Bxh3 f5
22. exf6 gxf6 23. Bxh4 Rxh4 24. Bg2 Qxf4 25. h3 f5 26. Qd2 Qxd2 27. Nxd2 fxg4
28. Bxb7+ Kxb7 29. Re4 Bh6 30. Nf1 Rxh3 31. Rxg4 Rf8 32. Rg6 Bf4 33. Kg2 Rh5
34. Re1 Rhf5 35. Re2 Bc1 36. Ng3 Rd5 37. b3 Kc6 38. Rg4 b4 39. Rg6 a5 40. Rg4
a4 41. Nf1 a3 42. Rf2 Rh8 43. Ng3 Be3 44. Rf1 Bd4 45. Re1 Be5 46. Rh1 Rxh1 47.
Nxh1 Bd4 48. Ng3 Re5 49. Re4 Rg5 50. Kf3 Be5 51. Ne2 Rh5 52. Kg2 d5 53. Rg4
Rh2+ 54. Kf3 Kd6 55. Rg2 Rh3+ 56. Kg4 Rh1 57. Rg1 Rh2 58. Kf3 Bd4 59. Rf1 e5
60. Re1 Rf2+ 61. Kg3 Be3 62. Ng1 d4 63. Re2 Rf1 64. Nf3 Ra1 65. c4 bxc3 66. Kg2
Rb1 67. Ne1 Rb2 0-1

[Event "Hastings Masters"]
[Site "Hastings"]
[Date "2008.01.01"]
[Round "5.25"]
[White "Hasan, Mehdi"]
[Black "Canonne, Antoine"]
[Result "1-0"]
[WhiteElo "2287"]
[BlackElo "2059"]
[PlyCount "87"]
[EventDate "2007.12.28"]
[SourceDate "2007.12.28"]

1. e4 c5 2. Nf3 e6 3. d4 cxd4 4. Nxd4 Bc5 5. Nb3 Bb6 6. Bd3 Ne7 7. Nc3 O-O 8.
Qe2 f5 9. Be3 Nbc6 10. O-O-O f4 11. Bxb6 Qxb6 12. e5 Ng6 13. Bxg6 hxg6 14. Rd6
Rf5 15. h4 Qd8 16. Nd4 Rxe5 17. Nxc6 Rxe2 18. Nxd8 Rxf2 19. Rg1 Kf8 20. Kd1 f3
21. gxf3 Ke7 22. Rxg6 Kxd8 23. Rd3 Rh2 24. Rd4 b6 25. Rxg7 a6 26. Rh7 Ra7 27.
Rh8+ Ke7 28. Rxc8 d5 29. Rh8 Kd6 30. Rh6 Rg7 31. Rxd5+ Kc7 32. Rxe6 Rg1+ 33.
Re1 Rgg2 34. Re2 Rg1+ 35. Kd2 Rxh4 36. Re7+ Kc8 37. Ne2 Rg6 38. f4 Rf6 39. Rdd7
Rh2 40. Rh7 Rg2 41. Kd3 Rgg6 42. c3 b5 43. Rdg7 Rd6+ 44. Nd4 1-0

[Event "Hastings Masters"]
[Site "Hastings"]
[Date "2008.01.01"]
[Round "5.27"]
[White "Grant, Alan"]
[Black "Foord, Dominic"]
[Result "0-1"]
[WhiteElo "2251"]
[BlackElo "2004"]
[PlyCount "60"]
[EventDate "2007.12.28"]
[SourceDate "2007.12.28"]

1. Nf3 d6 2. c4 e5 3. Nc3 f5 4. g3 Nf6 5. Bg2 c6 6. O-O a5 7. a3 Be7 8. Rb1 O-O
9. b4 Qe8 10. d3 Qh5 11. b5 f4 12. e3 g5 13. exf4 gxf4 14. Nd2 Bg4 15. f3 fxg3
16. hxg3 d5 17. Na4 Nbd7 18. Nb3 e4 19. Bf4 exf3 20. Bxf3 Ne5 21. Bxg4 Nexg4
22. Qc2 dxc4 23. dxc4 cxb5 24. cxb5 Nd5 25. Rbe1 Rae8 26. Nd4 Bf6 27. Nf3 Nxf4
28. gxf4 Qh3 29. Rxe8 Rxe8 30. Nb6 Qxf1+ 0-1

[Event "Hastings Masters"]
[Site "Hastings"]
[Date "2008.01.01"]
[Round "5.28"]
[White "Kwiatkowski, Feliks J"]
[Black "Franklin, Samuel"]
[Result "1-0"]
[WhiteElo "2237"]
[BlackElo "1917"]
[PlyCount "47"]
[EventDate "2007.12.28"]
[SourceDate "2007.12.28"]

1. e4 c5 2. Nf3 d6 3. d4 cxd4 4. Nxd4 Nf6 5. Nc3 g6 6. Be3 Bg7 7. f3 Nc6 8. Qd2
O-O 9. O-O-O d5 10. exd5 Nxd5 11. Nxc6 bxc6 12. Bd4 e5 13. Bc5 Be6 14. Ne4 Rb8
15. Bc4 f5 16. Ng5 e4 17. c3 Bh6 18. h4 Re8 19. f4 Bxg5 20. hxg5 Qa5 21. Bd4 e3
22. Bxe3 Nxe3 23. Bxe6+ Rxe6 24. Qd7 1-0

[Event "Hastings Masters"]
[Site "Hastings"]
[Date "2008.01.01"]
[Round "5.30"]
[White "Rayner, Francis"]
[Black "Young, Mel"]
[Result "1-0"]
[WhiteElo "2201"]
[BlackElo "1954"]
[PlyCount "60"]
[EventDate "2007.12.28"]
[SourceDate "2007.12.28"]

1. Nf3 f5 2. g3 Nf6 3. Bg2 d6 4. d4 c6 5. b3 Qa5+ 6. Nbd2 Ne4 7. c4 Nd7 8. O-O
Ndf6 9. Bb2 e6 10. a3 Be7 11. b4 Qd8 12. c5 Nxd2 13. Nxd2 O-O 14. Nc4 d5 15.
Ne5 Nd7 16. Nd3 g5 17. a4 Qe8 18. b5 Bf6 19. Qd2 Qe7 20. Nb4 Nb8 21. Bc3 Bd7
22. Rfb1 Qg7 23. e3 f4 24. exf4 gxf4 25. Qxf4 Bd8 26. Qd2 h5 27. Nd3 h4 28. Ne5
hxg3 29. fxg3 Be8 30. Qe2 Qh8 1-0

[Event "Hastings Masters"]
[Site "Hastings"]
[Date "2008.01.01"]
[Round "5.31"]
[White "O'Toole, George E"]
[Black "Gurbanzade, Erkin"]
[Result "0-1"]
[WhiteElo "1987"]
[BlackElo "2179"]
[PlyCount "54"]
[EventDate "2007.12.28"]
[SourceDate "2007.12.28"]

1. e4 c5 2. c3 d6 3. d4 cxd4 4. cxd4 g6 5. Nc3 Bg7 6. Nf3 Bg4 7. Be3 Nc6 8. d5
Ne5 9. Be2 Nxf3+ 10. gxf3 Bh3 11. Bb5+ Bd7 12. Bd4 Nf6 13. O-O O-O 14. Qb3 Nxe4
15. fxe4 Bxd4 16. Bxd7 Qxd7 17. Kh1 Qh3 18. f3 Rac8 19. Nb5 Bb6 20. a4 a6 21.
Na3 Bd4 22. Nc4 b5 23. axb5 axb5 24. Qxb5 Rc5 25. Qb4 Rfc8 26. Nd2 Be3 27. Rg1
Bf4 0-1

[Event "Hastings Masters"]
[Site "Hastings"]
[Date "2008.01.01"]
[Round "5.32"]
[White "Atako, Chino"]
[Black "Fruteau, Sabine"]
[Result "1-0"]
[WhiteElo "2149"]
[BlackElo "2169"]
[PlyCount "63"]
[EventDate "2007.12.28"]
[SourceDate "2007.12.28"]

1. e4 d5 2. exd5 Qxd5 3. Nc3 Qa5 4. d4 Nf6 5. Bc4 Bg4 6. f3 Bf5 7. Qe2 c6 8.
Bd2 Qd8 9. O-O-O e6 10. g4 Bg6 11. h4 h5 12. Bg5 Be7 13. Nh3 Nbd7 14. Kb1 b5
15. Bb3 b4 16. Ne4 Bxe4 17. fxe4 Nxg4 18. d5 cxd5 19. exd5 e5 20. d6 Bf6 21.
Nf4 Bxg5 22. Bxf7+ Kf8 23. Ne6+ Kxf7 24. Nxd8+ Bxd8 25. Qf3+ Bf6 26. Rhg1 Rhd8
27. Qd5+ Kg6 28. Rdf1 Rab8 29. Qe6 Nc5 30. Qf5+ Kh6 31. Rxg4 hxg4 32. h5 1-0

[Event "Hastings Masters"]
[Site "Hastings"]
[Date "2008.01.01"]
[Round "5.33"]
[White "Coates, David H"]
[Black "Thompson, Ian D"]
[Result "1/2-1/2"]
[WhiteElo "2029"]
[BlackElo "2309"]
[PlyCount "100"]
[EventDate "2007.12.28"]
[SourceDate "2007.12.28"]

1. e4 e6 2. d4 d5 3. Nc3 Bb4 4. e5 Ne7 5. a3 Bxc3+ 6. bxc3 c5 7. Qg4 Kf8 8. Bd2
Nbc6 9. Nf3 Qb6 10. Bd3 c4 11. Be2 Qb2 12. O-O Qxc2 13. a4 Na5 14. Rfb1 Bd7 15.
Bd1 Qf5 16. Qg3 Nb3 17. Bxb3 cxb3 18. Rxb3 Bc6 19. Ne1 h5 20. Qd3 f6 21. Qxf5
Nxf5 22. Nd3 Kf7 23. Rbb1 Rhc8 24. f4 Rc7 25. a5 a6 26. Nc5 Bb5 27. Re1 Re8 28.
Rab1 Nh4 29. Rb2 f5 30. Reb1 Ng6 31. Kf2 Nf8 32. h4 Nd7 33. Be3 Rec8 34. Ra1
Nb8 35. Ra3 Nc6 36. Ra1 Ne7 37. Rab1 Rb8 38. Kf3 Nc8 39. Rb4 Ke7 40. Bc1 Na7
41. Ba3 Kf7 42. R4b2 Nc6 43. Bb4 Nxb4 44. cxb4 b6 45. axb6 Rxb6 46. Ra1 Bc4 47.
Ke3 Ra7 48. Ra5 Ke7 49. Kd2 Ra8 50. Kc3 Rab8 1/2-1/2

[Event "Hastings Masters"]
[Site "Hastings"]
[Date "2008.01.01"]
[Round "5.34"]
[White "Adair, James"]
[Black "Huizer, Mark"]
[Result "0-1"]
[WhiteElo "2044"]
[BlackElo "2201"]
[PlyCount "74"]
[EventDate "2007.12.28"]
[SourceDate "2007.12.28"]

1. e4 c5 2. Nf3 d6 3. d4 cxd4 4. Nxd4 Nf6 5. Nc3 a6 6. Be3 e5 7. Nf3 Qc7 8. a4
b6 9. Be2 Be7 10. O-O O-O 11. Nd5 Nxd5 12. exd5 Bf5 13. c4 Nd7 14. Qd2 a5 15.
Rfc1 h6 16. h3 Bg6 17. Ne1 Nc5 18. Qc3 f5 19. f3 Bf6 20. Nc2 f4 21. Bf2 e4 22.
Bd4 exf3 23. Bxf3 Bxc2 24. Bxf6 Rxf6 25. Qxc2 Re8 26. Re1 Qf7 27. Kf2 Nd7 28.
Bg4 Ne5 29. Be6 Rfxe6 30. dxe6 Rxe6 31. Qc3 f3 32. g3 Qf5 33. Rxe5 Rxe5 34.
Qxf3 Qxh3 35. Rh1 Qc8 36. Qd3 Qc5+ 37. Kg2 Qc6+ 0-1

[Event "Hastings Masters"]
[Site "Hastings"]
[Date "2008.01.01"]
[Round "5.35"]
[White "Andersen, Daniel"]
[Black "Lyell, Mark"]
[Result "0-1"]
[WhiteElo "2013"]
[BlackElo "2197"]
[PlyCount "70"]
[EventDate "2007.12.28"]
[SourceDate "2007.12.28"]

1. c4 Nc6 2. g3 e5 3. Bg2 g6 4. e4 Bg7 5. Ne2 Nge7 6. h4 O-O 7. h5 d6 8. hxg6
fxg6 9. f3 Be6 10. d3 Rb8 11. Nbc3 a6 12. Bh6 Bxh6 13. Rxh6 b5 14. b3 Nd4 15.
Nxd4 exd4 16. Ne2 c5 17. Nf4 Rxf4 18. gxf4 Qf8 19. Rh1 Qxf4 20. Qd2 Qxd2+ 21.
Kxd2 bxc4 22. dxc4 Bxc4 23. Bf1 Bb5 24. Bh3 Kg7 25. a4 Bc6 26. Be6 a5 27. Rac1
Kf6 28. Bc4 Rh8 29. Rce1 g5 30. Rh6+ Ng6 31. Reh1 Kg7 32. Be6 Nh4 33. Rh5 Nxf3+
34. Ke2 Bxe4 35. Rf1 Re8 0-1

[Event "Hastings Masters"]
[Site "Hastings"]
[Date "2008.01.01"]
[Round "5.36"]
[White "Cafferty, Bernard"]
[Black "Jain, Akash"]
[Result "1-0"]
[WhiteElo "2192"]
[BlackElo "2000"]
[PlyCount "101"]
[EventDate "2007.12.28"]
[SourceDate "2007.12.28"]

1. f4 b5 2. c3 e6 3. Nf3 Bb7 4. e3 a6 5. Be2 f5 6. O-O Nf6 7. d4 Be7 8. a4 bxa4
9. Na3 O-O 10. Nc4 Kh8 11. Na5 Be4 12. Ng5 Qe8 13. Rxa4 h6 14. Nxe4 Nxe4 {(=)}
15. d5 exd5 16. Qxd5 c6 17. Qd1 Bc5 18. Nc4 d5 19. Ne5 Bd6 20. Bh5 Qe6 21. Ng6+
Kg8 22. Nxf8 Kxf8 23. Bf3 Nd7 24. Bxe4 fxe4 25. c4 Nb6 26. cxd5 cxd5 27. Ra1
Bc5 28. Qe2 a5 29. Rd1 a4 30. Kh1 Qc6 31. Qc2 Qb5 {(=)} 32. Qc3 Rd8 33. Rb1 Nc4
34. b3 a3 35. Ra1 Na5 36. Qxc5+ Qxc5 37. Bxa3 Nxb3 38. Bxc5+ Nxc5 39. Ra5 Nd3
40. Kg1 Ke7 41. Rb1 Rd7 42. Rb6 Kf7 43. g3 Ne1 44. g4 Nf3+ 45. Kg2 Nh4+ 46. Kg3
Ng6 47. h4 Ne7 48. f5 d4 49. exd4 Rxd4 50. Ra7 e3 51. Re6 1-0

[Event "Hastings Masters"]
[Site "Hastings"]
[Date "2008.01.01"]
[Round "5.37"]
[White "Poobalasingam, Peter"]
[Black "Cohen, Ronnie"]
[Result "1-0"]
[WhiteElo "2158"]
[BlackElo "1973"]
[PlyCount "55"]
[EventDate "2007.12.28"]
[SourceDate "2007.12.28"]

1. d4 Nf6 2. c4 g6 3. Nc3 Bg7 4. e4 d6 5. f4 O-O 6. Nf3 c5 7. d5 e6 8. Be2 exd5
9. exd5 Re8 10. O-O Na6 11. Bd3 Nc7 12. a4 Ng4 13. h3 Nh6 14. g4 f5 15. g5 Nf7
16. Bd2 Bd7 17. h4 Na6 18. h5 Bd4+ 19. Kg2 Be3 20. Bxe3 Rxe3 21. Qd2 Qe8 22.
hxg6 hxg6 23. Ne5 Rxe5 24. fxe5 dxe5 25. Rae1 e4 26. Bxe4 fxe4 27. Nxe4 Qc8 28.
Rxf7 1-0

[Event "Hastings Masters"]
[Site "Hastings"]
[Date "2008.01.01"]
[Round "5.38"]
[White "Cumming, Rhys"]
[Black "Hagesaether, Arne"]
[Result "0-1"]
[WhiteElo "1845"]
[BlackElo "2153"]
[PlyCount "94"]
[EventDate "2007.12.28"]
[SourceDate "2007.12.28"]

1. e4 c6 2. c4 d5 3. exd5 Nf6 4. Nc3 cxd5 5. d4 Nc6 6. Nf3 e6 7. cxd5 Nxd5 8.
Bd3 Be7 9. O-O O-O 10. Re1 Nxc3 11. bxc3 b6 12. h4 Bxh4 13. Nxh4 Qxh4 14. Re3
f5 15. Rg3 h6 16. Qf3 Bd7 17. Bf4 Rf7 18. Qe3 Re8 19. Bc4 Kh7 20. Rh3 Qf6 21.
Bg5 f4 22. Qd3+ Qg6 23. d5 Ne5 24. Qxg6+ Kxg6 25. dxe6 Bxe6 26. Bxe6 Rxe6 27.
Bh4 Kf5 28. f3 Rc7 29. Be1 Nd3 30. g4+ fxg3 31. Bxg3 Rxc3 32. Rh5+ g5 33. Rh2
Nf4 34. Bxf4 Kxf4 35. Rb1 Rxf3 36. Rb4+ Kf5 37. Rb5+ Kg6 38. Rb1 Rg3+ 39. Kh1
Re4 40. Rf1 h5 41. Rd1 Rge3 42. Rd6+ Re6 43. Rxe6+ Rxe6 44. Rf2 h4 45. a4 g4
46. Rf4 Kh5 47. Kh2 Re3 0-1

[Event "Hastings Masters"]
[Site "Hastings"]
[Date "2008.01.01"]
[Round "5.40"]
[White "Wilson, Alexandra"]
[Black "Spanton, Timothy"]
[Result "1-0"]
[WhiteElo "2061"]
[BlackElo "1985"]
[PlyCount "63"]
[EventDate "2007.12.28"]
[SourceDate "2007.12.28"]

1. e4 c5 2. Nf3 g6 3. c3 Bg7 4. d4 cxd4 5. cxd4 d5 6. e5 Bg4 7. Nc3 Nh6 8. Be2
O-O 9. Bxh6 Bxh6 10. Qb3 Nc6 11. Rd1 Qd7 12. O-O Rfd8 13. Ne1 Bxe2 14. Nxe2
Rac8 15. f4 Na5 16. Qf3 e6 17. Nd3 Rc4 18. g4 Nc6 19. Nf2 Kh8 20. Qh3 Bg7 21.
Rd3 h6 22. Nd1 Qe7 23. Ne3 Ra4 24. a3 Rg8 25. g5 h5 26. Ng4 Rc8 27. b4 Nd8 28.
Ng3 Qf8 29. Nxh5 gxh5 30. Qxh5+ Kg8 31. Nf6+ Bxf6 32. gxf6 1-0

[Event "Hastings Masters"]
[Site "Hastings"]
[Date "2008.01.01"]
[Round "5.41"]
[White "Furman, Boris"]
[Black "Guo, Xi-Yang"]
[Result "1-0"]
[WhiteElo "2264"]
[BlackElo "1853"]
[PlyCount "69"]
[EventDate "2007.12.28"]
[SourceDate "2007.12.28"]

1. d4 g6 2. c4 Bg7 3. Nc3 d6 4. Bg5 f6 5. Bh4 Nh6 6. f3 Nf5 7. Bf2 e5 8. d5 O-O
9. e3 Na6 10. Bd3 c6 11. Nge2 Bh6 12. Qd2 Nb4 13. Bb1 Qb6 14. f4 Qc7 15. a3 Na6
16. Bc2 Qe7 17. g4 Ng7 18. Rg1 Ne8 19. f5 g5 20. h4 Nac7 21. Ne4 b5 22. dxc6
bxc4 23. N2c3 Rb8 24. hxg5 Bxg5 25. Nxg5 fxg5 26. O-O-O Rb6 27. Be4 Kg7 28. Bd5
h6 29. e4 Ra6 30. Be3 Nxd5 31. exd5 Rh8 32. Rh1 Rh7 33. Ne4 Nf6 34. Bxg5 hxg5
35. Qxg5+ 1-0

[Event "Hastings Masters"]
[Site "Hastings"]
[Date "2008.01.01"]
[Round "5.42"]
[White "Quinn, Joseph"]
[Black "Milnes, Anthony CP"]
[Result "1/2-1/2"]
[WhiteElo "1758"]
[BlackElo "2126"]
[PlyCount "58"]
[EventDate "2007.12.28"]
[SourceDate "2007.12.28"]

1. e4 e6 2. d4 d5 3. e5 c5 4. c3 Nc6 5. Nf3 Bd7 6. Be2 Nge7 7. Na3 Ng6 8. Nc2
Be7 9. O-O cxd4 10. cxd4 O-O 11. Be3 f6 12. Bd3 Be8 13. exf6 Bxf6 14. Qd2 e5
15. Bxg6 Bxg6 16. dxe5 Nxe5 17. Nxe5 Bxe5 18. Bd4 Bf4 19. Be3 Rc8 20. Nb4 Bxe3
21. fxe3 Be4 22. Rxf8+ Qxf8 23. Rd1 Rc5 24. Nd3 Rc6 25. Rf1 Qc8 26. Qf2 Rf6 27.
Nf4 Qc4 28. b3 Qc5 29. Qd2 Rd6 1/2-1/2

[Event "Hastings Masters"]
[Site "Hastings"]
[Date "2008.01.01"]
[Round "5.43"]
[White "Calvert, David Ian"]
[Black "McClement, Andrew"]
[Result "1/2-1/2"]
[WhiteElo "2058"]
[BlackElo "1594"]
[PlyCount "29"]
[EventDate "2007.12.28"]
[SourceDate "2007.12.28"]

1. b3 Nf6 2. Bb2 g6 3. Nf3 Bg7 4. g3 b6 5. Bg2 Bb7 6. O-O O-O 7. c4 c5 8. Nc3
Nc6 9. d4 Nxd4 10. Nxd4 Bxg2 11. Kxg2 cxd4 12. Qxd4 Qc7 13. Nd5 Qb7 14. Kg1 d6
15. Nxf6+ 1/2-1/2

[Event "Hastings Masters"]
[Site "Hastings"]
[Date "2008.01.01"]
[Round "5.44"]
[White "Henrichsen, Jens"]
[Black "Salimbeni, George"]
[Result "1/2-1/2"]
[WhiteElo "1982"]
[BlackElo "2058"]
[PlyCount "95"]
[EventDate "2007.12.28"]
[SourceDate "2007.12.28"]

1. d4 Nf6 2. c4 g6 3. Nc3 d5 4. Nf3 Bg7 5. Qb3 dxc4 6. Qxc4 O-O 7. e4 Nc6 8. h3
Nd7 9. Be3 Nb6 10. Qc5 f5 11. d5 fxe4 12. dxc6 exf3 13. Rd1 Qe8 14. Nd5 Qf7 15.
Nxe7+ Kh8 16. Nxc8 Raxc8 17. cxb7 Rce8 18. g3 Qxa2 19. Bb5 Qa5+ 20. Kf1 Rb8 21.
Bd4 Bxd4 22. Qxd4+ Kg8 23. Bc4+ Nxc4 24. Qxc4+ Rf7 25. Kg1 c5 26. Kh2 Rbxb7 27.
Rhe1 Qb6 28. Re8+ Kg7 29. Qc3+ Qf6 30. Qxc5 Rxb2 31. Rdd8 Re2 32. Rg8+ Kh6 33.
Rd5 Rg7 34. Rgd8 Re6 35. Qc1+ g5 36. Qc5 Rge7 37. h4 gxh4 38. Rh5+ Kg6 39. Rxh4
Re5 40. Rg8+ Kf7 41. Qc4+ Qe6 42. Qg4 Qxg4 43. Rgxg4 Ke6 44. Rf4 Rf5 45. Re4+
Re5 46. Ref4 Rf5 47. Re4+ Re5 48. Ref4 1/2-1/2

[Event "Hastings Masters"]
[Site "Hastings"]
[Date "2008.01.01"]
[Round "5.45"]
[White "Uche, Enyi"]
[Black "Raddatz, Michael"]
[Result "0-1"]
[WhiteElo "1000"]
[BlackElo "2037"]
[PlyCount "79"]
[EventDate "2007.12.28"]
[SourceDate "2007.12.28"]

1. e4 c5 2. Nc3 Nc6 3. f4 e6 4. Nf3 d5 5. exd5 exd5 6. Bb5 Nf6 7. Bxc6+ bxc6 8.
O-O Be7 9. Ne5 Qc7 10. d3 O-O 11. h3 Bd6 12. Ng4 Nxg4 13. hxg4 Qe7 14. f5 Rb8
15. Qf3 Rb4 16. Qh3 Qe5 17. a3 Rb8 18. Bd2 Rxb2 19. Rac1 f6 20. Kh1 Qg3 21. Qh5
Bd7 22. Ne2 Qe5 23. Bc3 Qxe2 24. Bxb2 Re8 25. Bc3 Bg3 26. Qh3 Re3 27. Rf3 Rxf3
28. gxf3 Qxf3+ 29. Qg2 Qxg4 30. Rf1 Qh4+ 31. Kg1 Bf4 32. Bd2 Be5 33. c3 Qh5 34.
Be1 Bxf5 35. Rf3 Bg4 36. Rg3 Bxg3 37. Qxg3 Qe5 38. Qxg4 Qxe1+ 39. Kg2 Qd2+ 40.
Kh1 0-1

[Event "Hastings Masters"]
[Site "Hastings"]
[Date "2008.01.01"]
[Round "5.46"]
[White "Garnett, John S"]
[Black "Macrae, James"]
[Result "1-0"]
[WhiteElo "2032"]
[BlackElo "1766"]
[PlyCount "89"]
[EventDate "2007.12.28"]
[SourceDate "2007.12.28"]

1. d4 d5 2. Nf3 e6 3. e3 Nf6 4. Bd3 c5 5. b3 Nc6 6. Bb2 Bd6 7. O-O Qc7 8. a3 e5
9. dxe5 Nxe5 10. Bb5+ Bd7 11. Bxd7+ Nexd7 12. Nc3 Qc6 13. Ne2 O-O 14. Ng3 Bxg3
15. hxg3 Rad8 16. Qd3 Ne4 17. c4 Ndf6 18. Rfd1 Rfe8 19. Rac1 Re6 20. Qe2 Qb6
21. cxd5 Rxd5 22. Rxd5 Nxd5 23. Qc4 Ndf6 24. Bxf6 gxf6 25. Rd1 Qc6 26. Nh4 b5
27. Rd8+ Re8 28. Qd3 Qe6 29. Nf5 Kf8 30. Rxe8+ Qxe8 31. f3 Ng5 32. Qd6+ Kg8 33.
Qxf6 Ne6 34. Nh6+ Kf8 35. Qh8+ Ke7 36. Nf5+ Kd7 37. Qxe8+ Kxe8 38. Nd6+ Ke7 39.
Nxb5 a6 40. Nc3 Kd6 41. Ne4+ Kc6 42. Kf2 f5 43. Nd2 Nc7 44. Nc4 Nd5 45. Ke2 1-0

[Event "Hastings Masters"]
[Site "Hastings"]
[Date "2008.01.01"]
[Round "5.47"]
[White "Rety, John"]
[Black "Lee, Jia Shen"]
[Result "0-1"]
[WhiteElo "1970"]
[BlackElo "1920"]
[PlyCount "78"]
[EventDate "2007.12.28"]
[SourceDate "2007.12.28"]

1. d4 Nf6 2. c4 g6 3. Nc3 d5 4. e3 Bg7 5. h3 O-O 6. Nf3 c5 7. Be2 cxd4 8. exd4
Nc6 9. O-O a6 10. Be3 Qa5 11. Qb3 dxc4 12. Qxc4 Be6 13. Qc5 Rfd8 14. Rfd1 Nd5
15. Nxd5 Bxd5 16. Rd2 e6 17. a3 Qxc5 18. dxc5 Na5 19. Rad1 Nb3 20. Rc2 Rac8 21.
Nd2 Bd4 22. Bf3 Bxe3 23. Nxb3 Bxb3 24. Rxd8+ Rxd8 25. Rc3 Bxf2+ 26. Kxf2 Bd5
27. b4 Bc6 28. Ke3 f5 29. Bxc6 bxc6 30. Rd3 Rxd3+ 31. Kxd3 e5 32. a4 Kf7 33.
Kc4 Ke7 34. Kc3 Ke6 35. Kc4 h5 36. h4 f4 37. Kd3 Kd5 38. Kc3 e4 39. Kb3 f3 0-1

[Event "Hastings Masters"]
[Site "Hastings"]
[Date "2008.01.01"]
[Round "5.48"]
[White "Conde, Manuel"]
[Black "O'Neill, Tom"]
[Result "1-0"]
[WhiteElo "1791"]
[BlackElo "1551"]
[PlyCount "72"]
[EventDate "2007.12.28"]
[SourceDate "2007.12.28"]

1. c4 Nf6 2. Nc3 g6 3. d4 Bg7 4. Nf3 O-O 5. e3 c6 6. Bd2 d5 7. c5 Nbd7 8. Be2
Re8 9. O-O Nf8 10. b4 Ne4 11. Rc1 Bg4 12. Ne5 Bxe2 13. Qxe2 f6 14. Nf3 Nxd2 15.
Qxd2 e5 16. b5 e4 17. Ne1 Ne6 18. a4 h5 19. f3 f5 20. Ne2 h4 21. fxe4 fxe4 22.
Nf4 Nxf4 23. Rxf4 Bh6 24. Rg4 g5 25. Nc2 Rf8 26. Rf1 Qd7 27. Rxf8+ Rxf8 28. Qe2
Kh7 29. h3 Rf7 30. Ne1 Kg6 31. g3 hxg3 32. Rxg3 Bf8 33. h4 Be7 34. Ng2 Kh6 35.
hxg5+ Bxg5 36. Nf4 Bh4 1-0